Statistics for Every Special Emote in Stumble Guys

Click here to take the quiz!

General Stats

  • This quiz has been taken 93 times
    (89 since last reset)
  • The average score is 7 of 10

Answer Stats

UpdatedSpecial Emotes% Correct
Original 4Punch
100%
Original 4Kick
83%
Original 4Hug
78%
Original 4Banana
72%
New / ImprovedFire Punch
70%
New / ImprovedWet Kick
69%
New / ImprovedBall
67%
New / ImprovedCharged Hug
65%
New / ImprovedGolden Banana
63%
New / ImprovedMrBeast Case
44%

Score Distribution

Percentile by Number Answered

Percent of People with Each Score

Your Score History

You have not taken this quiz since the last reset